The protection of cultural property in armed conflict / (Record no. 58651)
[ view plain ]
| 000 -LEADER | |
|---|---|
| fixed length control field | 01961cam a2200433 i 4500 |
| 003 - CONTROL NUMBER IDENTIFIER | |
| control field | EG-GICUC |
| 005 - DATE AND TIME OF LATEST TRANSACTION | |
| control field | 20260122125205.0 |
| 008 - FIXED-LENGTH DATA ELEMENTS--GENERAL INFORMATION | |
| fixed length control field | 060717s2006 enk frb 001 0 eng d |
| 015 ## - NATIONAL BIBLIOGRAPHY NUMBER | |
| National bibliography number | GBA664637 |
| Source | bnb |
| 016 7# - NATIONAL BIBLIOGRAPHIC AGENCY CONTROL NUMBER | |
| Record control number | 013517185 |
| Source | Uk |
| 020 ## - INTERNATIONAL STANDARD BOOK NUMBER | |
| International Standard Book Number | 0521867975 |
| Qualifying information | hbk. |
| 020 ## - INTERNATIONAL STANDARD BOOK NUMBER | |
| International Standard Book Number | 9780521867979 |
| Qualifying information | hbk. |
| 040 ## - CATALOGING SOURCE | |
| Original cataloging agency | DLC |
| Transcribing agency | DLC |
| Modifying agency | BAKER |
| -- | BWKUK |
| -- | YDXCP |
| -- | UKM |
| -- | YDX |
| -- | WLL |
| -- | DLC |
| -- | EG-GICUC |
| Language of cataloging | eng |
| Description conventions | rda |
| 050 00 - LIBRARY OF CONGRESS CALL NUMBER | |
| Classification number | K3791 |
| Item number | .O38 2006 |
| 082 00 - DEWEY DECIMAL CLASSIFICATION NUMBER | |
| Classification number | 341.6 |
| Edition number | 21 |
| 092 04 - LOCALLY ASSIGNED DEWEY CALL NUMBER (OCLC) | |
| Edition number | 21 |
| 099 ## - LOCAL FREE-TEXT CALL NUMBER (OCLC) | |
| Classification number | Law 11 2006 |
| 100 1# - MAIN ENTRY--PERSONAL NAME | |
| Personal name | O'Keefe, Roger, |
| Dates associated with a name | 1968- |
| 245 14 - TITLE STATEMENT | |
| Title | The protection of cultural property in armed conflict / |
| Statement of responsibility, etc. | Roger O'Keefe. |
| 264 ## - PRODUCTION, PUBLICATION, DISTRIBUTION, MANUFACTURE, AND COPYRIGHT NOTICE | |
| Place of production, publication, distribution, manufacture | Cambridge, UK ; |
| -- | New York : |
| Name of producer, publisher, distributor, manufacturer | Cambridge University Press, |
| Date of production, publication, distribution, manufacture, or copyright notice | 2006. |
| 300 ## - PHYSICAL DESCRIPTION | |
| Extent | xix, 404 pages ; |
| Dimensions | 24 cm. |
| 336 ## - CONTENT TYPE | |
| Content type term | text |
| Source | rdacontent |
| 337 ## - MEDIA TYPE | |
| Media type term | Computer |
| Source | rdamedia |
| 338 ## - CARRIER TYPE | |
| Carrier type term | Online Resource |
| Source | rdacarrier |
| 490 1# - SERIES STATEMENT | |
| Series statement | Cambridge studies in international and comparative law |
| 504 ## - BIBLIOGRAPHY, ETC. NOTE | |
| Bibliography, etc. note | Includes bibliographical references (p. 362-391) and index. |
| 505 0# - FORMATTED CONTENTS NOTE | |
| Formatted contents note | From the high Renaissance to the Hague Rules -- 1914 to 1954 -- The 1954 Hague Convention and the First Hague Protocol -- The 1977 Additional Protocols -- The 1999 Second Hague Protocol -- Other relevant bodies of law. |
| 650 #0 - SUBJECT ADDED ENTRY--TOPICAL TERM | |
| Topical term or geographic name entry element | Cultural property |
| General subdivision | Protection (International law) |
| 650 #0 - SUBJECT ADDED ENTRY--TOPICAL TERM | |
| Topical term or geographic name entry element | War (International law) |
| 650 #0 - SUBJECT ADDED ENTRY--TOPICAL TERM | |
| Topical term or geographic name entry element | Art treasures in war. |
| 650 #0 - SUBJECT ADDED ENTRY--TOPICAL TERM | |
| Topical term or geographic name entry element | Art thefts |
| General subdivision | Law and legislation. |
| 830 #0 - SERIES ADDED ENTRY--UNIFORM TITLE | |
| Uniform title | Cambridge studies in international and comparative law (Cambridge, England : 1996) |
| 856 42 - ELECTRONIC LOCATION AND ACCESS | |
| Uniform Resource Identifier | <a href="https://fll.law.cu.edu.eg/fulltext/bks/ENGB11-00095.pdf">https://fll.law.cu.edu.eg/fulltext/bks/ENGB11-00095.pdf</a> |
| 856 42 - ELECTRONIC LOCATION AND ACCESS | |
| Materials specified | Publisher description |
| Uniform Resource Identifier | <a href="http://www.loc.gov/catdir/enhancements/fy0664/2006023549-d.html">http://www.loc.gov/catdir/enhancements/fy0664/2006023549-d.html</a> |
| 856 41 - ELECTRONIC LOCATION AND ACCESS | |
| Materials specified | Table of contents only |
| Uniform Resource Identifier | <a href="http://www.loc.gov/catdir/enhancements/fy0664/2006023549-t.html">http://www.loc.gov/catdir/enhancements/fy0664/2006023549-t.html</a> |
| 856 42 - ELECTRONIC LOCATION AND ACCESS | |
| Materials specified | Contributor biographical information |
| Uniform Resource Identifier | <a href="http://www.loc.gov/catdir/enhancements/fy0733/2006023549-b.html">http://www.loc.gov/catdir/enhancements/fy0733/2006023549-b.html</a> |
| 905 ## - Cataloger and Reviser Names | |
| Cataloger Name: | Hend El khosy |
| 942 ## - ADDED ENTRY ELEMENTS (KOHA) | |
| Source of classification or shelving scheme | Dewey Decimal Classification |
| Koha item type | Books |
| Edition | 21 |
| Suppress in OPAC | No |
| Withdrawn status | Lost status | Source of classification or shelving scheme | Damaged status | Not for loan | Collection | Home library | Current library | Date acquired | Total checkouts | Full call number | Barcode | Date last seen | Copy number | Price effective from | Koha item type | Public note |
|---|---|---|---|---|---|---|---|---|---|---|---|---|---|---|---|---|
| Dewey Decimal Classification | القانون الدولي العام | جــــامعة القــاهرة | مكتبة كلية الحقوق - فـرع الشيخ زايد | 22.01.2026 | Law2 11 341.6 OK . P 2006 1100095 C1 | ENGB11-00095 | 22.01.2026 | 1 | 22.01.2026 | Books | 82 | |||||
| Dewey Decimal Classification | القانون الدولي العام | جــــامعة القــاهرة | مكتبة كلية الحقوق - فـرع الشيخ زايد | 22.01.2026 | Law2 11 341.6 OK . P 2006 1100096 C2 | ENGB11-00096 | 22.01.2026 | 1 | 22.01.2026 | Books | 2290 |